[Event "Titled Tuesday intern op 01st Mar Early"]
[Site "Chess.com INT"]
[Date "2022.03.01"]
[Round "3"]
[White "Lakshmi, Chidambaram"]
[Black "Ooi, Zhi Yang"]
[Result "0-1"]
[WhiteElo "1968"]
[BlackElo "2123"]
[PlyCount "118"]
[EventDate "2022.03.01"]
[EventType "swiss (blitz)"]
[EventRounds "11"]
[EventCountry "USA"]
[SourceTitle "CBM 207 Extra"]
[Source "ChessBase"]
[SourceDate "2022.05.31"]
[SourceVersion "1"]
[SourceVersionDate "2022.05.31"]
[SourceQuality "1"]

1. Nf3 d5 2. d4 Nf6 3. c4 e6 4. Nc3 Be7 5. Bg5 0-0 6. e3 Nbd7 7. Bd3 b6 8. 0-0 Bb7 9. Qe2 c5 10. Rfd1 cxd4 11. exd4 Rc8 12. Ne5 dxc4 13. Bxc4 Nxe5 14. dxe5 Nd7 15. Bf4 Qc7 16. b3 a6 17. a4 Nc5 18. Rac1 Rfd8 19. b4 Rxd1+ 20. Qxd1 Nd7 21. Bd3 Bxb4 22. Nd5 Qxc1 23. Bxc1 Bxd5 24. Bxa6 Rd8 25. Bf4 Nc5 26. Bb5 h6 27. h3 Nb7 28. Qd2 Bxd2 29. Bxd2 Bxg2 30. Be3 Bd5 31. Bxb6 Rc8 32. Be3 Rc2 33. f4 Ra2 34. Bb6 Ra1+ 35. Kf2 Rb1 36. Ke3 Rb4 37. Bc7 Rb3+ 38. Kd4 Rb4+ 39. Ke3 Kf8 40. Bb6 Kg8 41. Bd4 g5 42. fxg5 hxg5 43. Bb6 Kg7 44. Bc7 Kg6 45. Kd3 Kh5 46. Kc3 Rh4 47. Bd7 Rxh3+ 48. Kb4 Rh4+ 49. Kb5 Rh3 50. Kb6 Rb3+ 51. Ka7 Nc5 52. a5 Rb7+ 53. Ka8 Rxc7+ 54. Kb8 Rxd7 55. Kc8 g4 56. a6 g3 57. a7 Rxa7 58. Kd8 g2 59. Ke8 g1Q 0-1

[Event "Titled Tuesday intern op 01st Mar Early"]
[Site "Chess.com INT"]
[Date "2022.03.01"]
[Round "4"]
[White "Ooi, Zhi Yang"]
[Black "Boruchovsky, Avital"]
[Result "0-1"]
[WhiteElo "2123"]
[BlackElo "2539"]
[PlyCount "50"]
[EventDate "2022.03.01"]
[EventType "swiss (blitz)"]
[EventRounds "11"]
[EventCountry "USA"]
[SourceTitle "CBM 207 Extra"]
[Source "ChessBase"]
[SourceDate "2022.05.31"]
[SourceVersion "1"]
[SourceVersionDate "2022.05.31"]
[SourceQuality "1"]

1. d4 Nf6 2. Nc3 d5 3. Bg5 c5 4. Bxf6 gxf6 5. e3 Nc6 6. Qh5 cxd4 7. exd4 e6 8. Nf3 Bb4 9. Bd3 Qa5 10. 0-0 Bxc3 11. bxc3 Qxc3 12. Qh6 Nxd4 13. Nxd4 Qxd4 14. Qg7 Rf8 15. Rab1 b6 16. Rfd1 Bd7 17. c4 dxc4 18. Bxh7 Qe5 19. Qg4 f5 20. Qxc4 Rh8 21. Rxd7 Kxd7 22. Rd1+ Ke7 23. Qh4+ Kf8 24. Qh6+ Qg7 25. Qh4 Qxh7 0-1

[Event "Titled Tuesday intern op 01st Mar Early"]
[Site "Chess.com INT"]
[Date "2022.03.01"]
[Round "5"]
[White "Zanette, Edgard Vinicius"]
[Black "Ooi, Zhi Yang"]
[Result "0-1"]
[WhiteElo "2115"]
[BlackElo "2123"]
[PlyCount "98"]
[EventDate "2022.03.01"]
[EventType "swiss (blitz)"]
[EventRounds "11"]
[EventCountry "USA"]
[SourceTitle "CBM 207 Extra"]
[Source "ChessBase"]
[SourceDate "2022.05.31"]
[SourceVersion "1"]
[SourceVersionDate "2022.05.31"]
[SourceQuality "1"]

1. e4 e5 2. Nf3 Nc6 3. Bb5 g6 4. 0-0 Bg7 5. c3 a6 6. Ba4 Nge7 7. d4 exd4 8. cxd4 b5 9. Bb3 Na5 10. Bc2 0-0 11. Bg5 d6 12. h3 h6 13. Bf4 c5 14. dxc5 Nc4 15. cxd6 Nc6 16. Nc3 Nxb2 17. Qe1 Nb4 18. e5 Nxc2 19. Qe4 Bf5 20. Qe2 Bd3 21. Qd2 Nxa1 22. Rxa1 b4 23. Nd5 Be4 24. Ne7+ Kh7 25. Qxb2 Qxd6 26. exd6 Bxb2 27. Re1 f5 28. Nd2 Bc3 29. Re2 Bxd2 30. Rxd2 Rfd8 31. f3 Bb7 32. d7 Kg7 33. Bc7 Kf7 34. Bxd8 Rxd8 35. Nd5 Rxd7 36. Rb2 Bxd5 37. Rxb4 Rd6 38. Rd4 g5 39. Ra4 Kf6 40. Rd4 f4 41. Ra4 Be6 42. Kh2 Bd7 43. Ra5 Bb5 44. Ra3 Rd3 45. Ra5 Rd4 46. Ra3 Ra4 47. Rc3 Rxa2 48. Rc8 Bf1 49. Rc2 Rxc2 0-1

[Event "Titled Tuesday intern op 09th Nov"]
[Site "Chess.com INT"]
[Date "2021.11.09"]
[Round "2"]
[White "Ambartsumova, Karina"]
[Black "Ooi, Zhi Yang"]
[Result "0-1"]
[WhiteElo "2382"]
[BlackElo "2123"]
[PlyCount "126"]
[EventDate "2021.11.09"]
[EventType "swiss (blitz)"]
[EventRounds "11"]
[EventCountry "USA"]
[SourceTitle "CBM 205 Extra"]
[Source "ChessBase"]
[SourceDate "2022.01.31"]
[SourceVersion "1"]
[SourceVersionDate "2022.01.31"]
[SourceQuality "1"]

1. e4 c5 2. Nf3 d6 3. d4 cxd4 4. Nxd4 Nf6 5. Nc3 a6 6. Be3 e5 7. Nf3 Be7 8. Bc4 0-0 9. 0-0 h6 10. Qe2 Qc7 11. Bb3 b5 12. a4 b4 13. Nd5 Nxd5 14. Bxd5 Bb7 15. Bxb7 Qxb7 16. Nd2 Nd7 17. a5 Nf6 18. f3 d5 19. exd5 Nxd5 20. Bf2 f6 21. Qe4 Rab8 22. Nc4 Qb5 23. Rfd1 Rfd8 24. Nb6 Nxb6 25. Bxb6 Bc5+ 26. Bxc5 Qxc5+ 27. Kh1 Rxd1+ 28. Rxd1 Qxa5 29. h4 Rd8 30. Rxd8+ Qxd8 31. Qxb4 Qd1+ 32. Kh2 Qxc2 33. Qb8+ Kh7 34. Qb4 Qd3 35. Kg1 Qd4+ 36. Qxd4 exd4 37. Kf2 Kg6 38. g4 f5 39. Ke2 fxg4 40. fxg4 h5 41. g5 Kf5 42. Kf3 g6 43. b4 Ke5 44. Ke2 Ke4 45. Kd2 d3 46. Kd1 Ke3 47. Ke1 Kd4 48. Kd1 Kc4 49. Kd2 Kxb4 50. Kxd3 Kb3 51. Ke4 a5 52. Ke5 a4 53. Kf6 a3 54. Kxg6 a2 55. Kxh5 a1Q 56. g6 Qg7 57. Kg5 Kc4 58. h5 Qe5+ 59. Kh6 Qh8+ 60. Kg5 Kd5 61. h6 Ke6 62. g7 Qh7 63. Kh5 Kf7 0-1

[Event "Titled Tuesday intern op 09th Nov"]
[Site "Chess.com INT"]
[Date "2021.11.09"]
[Round "8"]
[White "Ooi, Zhi Yang"]
[Black "Antonio, Jorge Carlos"]
[Result "1-0"]
[WhiteElo "2123"]
[BlackElo "2277"]
[PlyCount "87"]
[EventDate "2021.11.09"]
[EventType "swiss (blitz)"]
[EventRounds "11"]
[EventCountry "USA"]
[SourceTitle "CBM 205 Extra"]
[Source "ChessBase"]
[SourceDate "2022.01.31"]
[SourceVersion "1"]
[SourceVersionDate "2022.01.31"]
[SourceQuality "1"]

1. e4 c5 2. Nf3 e6 3. d4 cxd4 4. Nxd4 Nc6 5. Nb5 d6 6. c4 a6 7. N5a3 b6 8. Nc3 Bb7 9. Be3 Nf6 10. Be2 Be7 11. 0-0 Qc7 12. Qd2 0-0 13. Rac1 Rad8 14. Rfd1 Ne5 15. f3 Ba8 16. h3 Ne8 17. f4 Nc6 18. Nd5 exd5 19. cxd5 Nf6 20. dxc6 Nxe4 21. Qd4 Nc5 22. b4 Bf6 23. Qd2 Ne4 24. Qc2 Ng3 25. Bxa6 d5 26. Nb5 Qe7 27. Bxb6 Rb8 28. c7 Rxb6 29. c8Q Rxc8 30. Qxc8+ Qf8 31. Kh2 Ne2 32. Qxf8+ Kxf8 33. Rc8+ Ke7 34. Rxa8 Nxf4 35. a4 Be5 36. g3 Ne2 37. Re1 Bxg3+ 38. Kg2 Bxe1 39. Kf1 Bxb4 40. Kxe2 f5 41. Ra7+ Kf6 42. Rd7 Ke5 43. Bc8 d4 44. Nxd4 1-0

[Event "Asia-ch Universities"]
[Site "Chess.com INT"]
[Date "2020.12.28"]
[Round "5"]
[White "Ooi, Zhi Yang"]
[Black "Javanbakht, Nima"]
[Result "1/2-1/2"]
[WhiteElo "2123"]
[BlackElo "2472"]
[PlyCount "126"]
[EventDate "2020.12.27"]
[EventType "swiss"]
[EventRounds "9"]
[EventCountry "IRI"]
[SourceTitle "CBM 200 Extra"]
[Source "ChessBase"]
[SourceDate "2021.03.31"]
[SourceVersion "1"]
[SourceVersionDate "2021.03.31"]
[SourceQuality "1"]

1. Nf3 d5 2. b3 Nf6 3. Bb2 g6 4. g3 Bg7 5. Bg2 0-0 6. 0-0 c5 7. e3 Bg4 8. h3 Bxf3 9. Qxf3 Nc6 10. d3 e5 11. Nd2 Qe7 12. e4 d4 13. a4 Ne8 14. Nc4 Nd6 15. Qe2 Nxc4 16. bxc4 a6 17. a5 Qc7 18. Qd2 b5 19. axb6 Qxb6 20. Rfb1 Nb4 21. Ba3 a5 22. Bf3 Ra7 23. h4 Kh8 24. Kg2 f5 25. exf5 gxf5 26. Bxb4 cxb4 27. Bd5 e4 28. Qe2 e3 29. Rf1 f4 30. Qg4 Be5 31. Qh5 Qf6 32. f3 fxg3 33. f4 Bd6 34. Be4 e2 35. Qxe2 a4 36. c5 Bxc5 37. Qh5 Bd6 38. Rxa4 Rc7 39. Ra6 Rxc2+ 40. Kg1 Rc7 41. Rc6 Rg7 42. Kg2 Qe6 43. Qd5 Qg4 44. Bf3 Qxf4 45. Re1 Qxh4 46. Rh1 Qh2+ 47. Rxh2 gxh2+ 48. Kh3 Rg3+ 49. Kxh2 Bb8 50. Qxd4+ Rg7+ 51. Kh1 b3 52. Rf6 Re8 53. Be4 Be5 54. Rf8+ Rxf8 55. Qxe5 Rf1+ 56. Kh2 Rf2+ 57. Kh3 b2 58. d4 Rf3+ 59. Kh4 Rf1 60. Qb8+ Rg8 61. Qe5+ Rg7 62. Qe8+ Rg8 63. Qe5+ Rg7 1/2-1/2

[Event "Titled Tuesday intern op 21st April"]
[Site "Chess.com INT"]
[Date "2020.04.21"]
[Round "1"]
[White "Boruchovsky, Avital"]
[Black "Ooi, Zhi Yang"]
[Result "1-0"]
[WhiteElo "2541"]
[BlackElo "2123"]
[PlyCount "111"]
[EventDate "2020.04.21"]
[EventType "swiss (blitz)"]
[EventRounds "10"]
[EventCountry "USA"]
[SourceTitle "EXT 2021"]
[Source "ChessBase"]
[SourceDate "2020.10.23"]
[SourceVersion "1"]
[SourceVersionDate "2020.10.23"]
[SourceQuality "1"]

1. e4 c6 2. c4 d5 3. cxd5 cxd5 4. exd5 Nf6 5. Nf3 g6 6. Nc3 Bg7 7. Bc4 0-0 8. 0-0 a6 9. Bb3 Nbd7 10. d4 Nb6 11. h3 Nbxd5 12. Re1 e6 13. Bg5 Qd6 14. Qd2 b5 15. Rac1 Bb7 16. Ne5 Rac8 17. Bh4 Nxc3 18. bxc3 Nd5 19. Bg3 Qe7 20. Nd3 Nb6 21. Nc5 Bd5 22. Nxa6 Bxg2 23. Kxg2 Qb7+ 24. d5 Qxa6 25. dxe6 Nc4 26. Qd5 fxe6 27. Rxe6 Qa8 28. Qxa8 Rxa8 29. a4 Nd2 30. Bd5 Rad8 31. Rd6+ Kh8 32. axb5 Rxd6 33. Bxd6 Rd8 34. Ra1 Bxc3 35. Ra8 Rxa8 36. Bxa8 Nc4 37. Bc5 Ba5 38. Bd5 Nb6 39. Bb3 Kg7 40. Kf3 Kf6 41. Ke4 h5 42. f4 Nd7 43. Bd4+ Ke7 44. Kd5 Bc7 45. Bc2 Bxf4 46. Bxg6 h4 47. Bf5 Nb8 48. b6 Bg3 49. Bg4 Kd8 50. Bf6+ Ke8 51. b7 Kf7 52. Bg5 Ke8 53. Ke6 Kf8 54. Be7+ Kg7 55. Bd6 Kg6 56. Be7 1-0

[Event "Titled Tuesday intern op 21st April"]
[Site "Chess.com INT"]
[Date "2020.04.21"]
[Round "9"]
[White "Ooi, Zhi Yang"]
[Black "Robles Aguilar, Enrique Alfonso"]
[Result "0-1"]
[WhiteElo "2123"]
[BlackElo "2268"]
[PlyCount "46"]
[EventDate "2020.04.21"]
[EventType "swiss (blitz)"]
[EventRounds "10"]
[EventCountry "USA"]
[SourceTitle "EXT 2021"]
[Source "ChessBase"]
[SourceDate "2020.10.23"]
[SourceVersion "1"]
[SourceVersionDate "2020.10.23"]
[SourceQuality "1"]

1. d4 Nf6 2. Nc3 d5 3. Bg5 Nbd7 4. f3 c5 5. dxc5 Qa5 6. Bxf6 Nxf6 7. Qd4 e5 8. Qxe5+ Be6 9. 0-0-0 Bxc5 10. e4 0-0 11. exd5 Nxd5 12. Nxd5 Qxa2 13. Nc3 Qa5 14. Bb5 Rad8 15. Rxd8 Rxd8 16. Kb1 Bd4 17. Qg5 Bxc3 18. Qxd8+ Qxd8 19. bxc3 Qd1+ 20. Kb2 a6 21. Be2 Qe1 22. h4 b5 23. Bd3 Bc4 0-1

[Event "Titled Tuesday intern op 21st April"]
[Site "Chess.com INT"]
[Date "2020.04.21"]
[Round "2"]
[White "Ooi, Zhi Yang"]
[Black "Zhang, Alan"]
[Result "0-1"]
[WhiteElo "2123"]
[BlackElo "2077"]
[PlyCount "88"]
[EventDate "2020.04.21"]
[EventType "swiss (blitz)"]
[EventRounds "10"]
[EventCountry "USA"]
[SourceTitle "EXT 2021"]
[Source "ChessBase"]
[SourceDate "2020.10.23"]
[SourceVersion "1"]
[SourceVersionDate "2020.10.23"]
[SourceQuality "1"]

1. d4 Nf6 2. Nc3 d5 3. Bg5 e6 4. e4 dxe4 5. Nxe4 Be7 6. Bxf6 Bxf6 7. Nf3 0-0 8. Bd3 Nc6 9. c3 b6 10. Qe2 Bb7 11. h4 e5 12. d5 Qxd5 13. Nxf6+ gxf6 14. 0-0-0 Qe6 15. Nd2 Ne7 16. Qh5 Ng6 17. Bc4 Bd5 18. Bxd5 Qxd5 19. c4 Qe6 20. Ne4 Kg7 21. b3 h6 22. Qf3 f5 23. Nc3 Rad8 24. h5 Ne7 25. Qb7 Qc6 26. Qxc6 Nxc6 27. Nd5 Rd7 28. Rd3 Rfd8 29. Rg3+ Kf8 30. Nf6 Rd6 31. Rg8+ Ke7 32. Rxd8 Nxd8 33. Nd5+ Kd7 34. Re1 c6 35. Ne3 f4 36. Nf5 Re6 37. Ng7 Re7 38. Nf5 Re6 39. Ng7 Re7 40. Nf5 Re8 41. Ng7 Rg8 42. Nf5 Ke6 43. Rxe5+ Kxe5 44. Nxh6 Rxg2 0-1

[Event "Titled Tuesday intern op 14th April"]
[Site "Chess.com INT"]
[Date "2020.04.14"]
[Round "9"]
[White "Muhammed, Shuaau"]
[Black "Ooi, Zhi Yang"]
[Result "0-1"]
[WhiteElo "1893"]
[BlackElo "2123"]
[PlyCount "80"]
[EventDate "2020.04.14"]
[EventType "swiss (blitz)"]
[EventRounds "10"]
[EventCountry "USA"]
[SourceTitle "EXT 2021"]
[Source "ChessBase"]
[SourceDate "2020.10.23"]
[SourceVersion "1"]
[SourceVersionDate "2020.10.23"]
[SourceQuality "1"]

1. e4 e5 2. Nf3 Nc6 3. Bc4 g6 4. 0-0 Bg7 5. Nc3 Nge7 6. a3 0-0 7. d3 d6 8. Nd5 h6 9. Nxe7+ Qxe7 10. b4 Kh7 11. Bb2 f5 12. exf5 Bxf5 13. Nd2 Be6 14. Bxe6 Qxe6 15. b5 Ne7 16. Qe2 Nd5 17. g3 Qh3 18. c4 Nf6 19. f3 Rae8 20. Qg2 Qf5 21. Ne4 d5 22. Nxf6+ Rxf6 23. f4 Qxd3 24. Qxd5 Qe3+ 25. Kh1 Rd6 26. Qf3 Qxf3+ 27. Rxf3 e4 28. Rf2 e3 29. Re2 Rd2 30. Bxg7 Rxe2 31. Be5 Rc2 32. Re1 Rd8 33. g4 Rd3 34. f5 gxf5 35. gxf5 e2 36. Kg2 Rd1 37. Kf2 Rxe1 38. Kxe1 Rxc4 39. Kxe2 Re4+ 40. Kf3 Rxe5 0-1

[Event "Titled Tuesday intern op 14th April"]
[Site "Chess.com INT"]
[Date "2020.04.14"]
[Round "4"]
[White "Ooi, Zhi Yang"]
[Black "Kazarian, Anna Maja"]
[Result "1/2-1/2"]
[WhiteElo "2123"]
[BlackElo "2096"]
[PlyCount "101"]
[EventDate "2020.04.14"]
[EventType "swiss (blitz)"]
[EventRounds "10"]
[EventCountry "USA"]
[SourceTitle "EXT 2021"]
[Source "ChessBase"]
[SourceDate "2020.10.23"]
[SourceVersion "1"]
[SourceVersionDate "2020.10.23"]
[SourceQuality "1"]

1. a3 d5 2. b4 Nf6 3. Nf3 e6 4. e3 a5 5. b5 a4 6. c4 c6 7. Bb2 cxb5 8. cxd5 exd5 9. Bxb5+ Bd7 10. Nc3 Bxb5 11. Nxb5 Nc6 12. 0-0 Be7 13. Nc3 Qa5 14. Ne2 0-0 15. Ned4 Ne4 16. Nf5 Bf6 17. Bxf6 Nxf6 18. d4 Ne4 19. Ne5 Nxe5 20. dxe5 Rfe8 21. Rb1 Nc3 22. Qg4 g6 23. Rxb7 Ra7 24. Rxa7 Qxa7 25. Nh6+ Kg7 26. Qg5 Re6 27. Nf5+ Kf8 28. Qh6+ Ke8 29. Ng7+ Kd7 30. Nxe6 Kxe6 31. Qxh7 Qa6 32. Qh3+ Ke7 33. Qh8 Ne2+ 34. Kh1 Ng3+ 35. hxg3 Qxf1+ 36. Kh2 Qxf2 37. Qb8 Qxe3 38. Qd6+ Ke8 39. Qc6+ Ke7 40. Qf6+ Kf8 41. Qh8+ Ke7 42. Qf6+ Ke8 43. Qc6+ Kf8 44. Qd6+ Kg8 45. Qd8+ Kh7 46. Qf6 Qh6+ 47. Kg1 Qc1+ 48. Kh2 Qh6+ 49. Kg1 Qg7 50. Qh4+ Qh6 51. Qf6 1/2-1/2

[Event "Titled Tuesday intern op 14th April"]
[Site "Chess.com INT"]
[Date "2020.04.14"]
[Round "6"]
[White "Ooi, Zhi Yang"]
[Black "Pace, Christopher"]
[Result "0-1"]
[WhiteElo "2123"]
[BlackElo "2119"]
[PlyCount "106"]
[EventDate "2020.04.14"]
[EventType "swiss (blitz)"]
[EventRounds "10"]
[EventCountry "USA"]
[SourceTitle "EXT 2021"]
[Source "ChessBase"]
[SourceDate "2020.10.23"]
[SourceVersion "1"]
[SourceVersionDate "2020.10.23"]
[SourceQuality "1"]

1. a3 e5 2. b4 d5 3. Bb2 f6 4. e3 Bd6 5. c4 c6 6. Nf3 Ne7 7. d3 0-0 8. Be2 Be6 9. 0-0 Nd7 10. Nc3 g5 11. Rc1 Ng6 12. cxd5 cxd5 13. Nb5 Bb8 14. Qc2 Qb6 15. Nc7 Bxc7 16. Qxc7 Rfc8 17. Qxc8+ Rxc8 18. Rxc8+ Ndf8 19. Rc5 Nd7 20. Rc8+ Ndf8 21. Rc2 Qa6 22. d4 Qa4 23. Rfc1 e4 24. Nd2 f5 25. Rc7 b6 26. Bd1 Qa6 27. a4 Qd3 28. R1c2 Qa6 29. R2c3 f4 30. b5 Qa5 31. Ba3 Nd7 32. R7c6 Kf7 33. Bb3 fxe3 34. fxe3 Ne7 35. Rc7 Nf5 36. Nf1 a6 37. bxa6 Qxa6 38. R3c6 Ne7 39. Rd6 Nf5 40. Rdxd7+ Bxd7 41. Rxd7+ Ke6 42. Rxd5 Qd3 43. Re5+ Kf6 44. Rb5 Nxe3 45. Rxb6+ Kg7 46. Rb7+ Kh6 47. Bf8+ Kh5 48. Bf7+ Kh4 49. g3+ Kg4 50. Be6+ Kf3 51. Rf7+ Ke2 52. Rf2+ Ke1 53. Rd2 Qxf1# 0-1

[Event "Titled Tuesday intern op 7th April"]
[Site "Chess.com INT"]
[Date "2020.04.07"]
[Round "8"]
[White "Ooi, Zhi Yang"]
[Black "Biliy, Vadim"]
[Result "1-0"]
[WhiteElo "2123"]
[BlackElo "2331"]
[PlyCount "125"]
[EventDate "2020.04.07"]
[EventType "swiss (blitz)"]
[EventRounds "10"]
[EventCountry "USA"]
[SourceTitle "EXT 2021"]
[Source "ChessBase"]
[SourceDate "2020.10.23"]
[SourceVersion "1"]
[SourceVersionDate "2020.10.23"]
[SourceQuality "1"]

1. e4 d6 2. d4 Nf6 3. Nc3 g6 4. f4 Bg7 5. Nf3 0-0 6. e5 dxe5 7. fxe5 Nd5 8. Bc4 c6 9. 0-0 Be6 10. Ne4 Nc7 11. Bd3 Nd7 12. c3 b5 13. Be3 Bd5 14. Qd2 Ne6 15. Bh6 f6 16. Bxg7 Kxg7 17. exf6+ exf6 18. Rae1 Qc7 19. b3 Nf4 20. Bc2 Rae8 21. g3 Nh5 22. Bd3 f5 23. Neg5 h6 24. c4 bxc4 25. bxc4 hxg5 26. cxd5 g4 27. Ng5 cxd5 28. Ne6+ Rxe6 29. Rxe6 Nxg3 30. Re7+ Kf6 31. Rxd7 Qxd7 32. hxg3 Rh8 33. Qf4 Rh3 34. Qxg4 Qh7 35. Qf4 Rh1+ 36. Kf2 Qh2+ 37. Ke1 Rxf1+ 38. Bxf1 Qxa2 39. Qe5+ Kf7 40. Qc7+ Kf6 41. Qe5+ Kf7 42. Be2 Qa5+ 43. Kf2 Qa2 44. Kf1 Qa1+ 45. Kg2 Qa2 46. Kh3 Qd2 47. Bf3 Qh6+ 48. Kg2 Qd2+ 49. Kg1 Qc1+ 50. Kh2 Qd2+ 51. Bg2 Qh6+ 52. Kg1 Qc1+ 53. Bf1 Qc6 54. Kh1 a5 55. Bg2 Qc1+ 56. Kh2 Qh6+ 57. Kg1 Qc1+ 58. Bf1 Qc6 59. Qh8 a4 60. Qh7+ Kf6 61. Qh8+ Kf7 62. Qh7+ Kf6 63. Qa7 1-0

[Event "Titled Tuesday intern op 7th April"]
[Site "Chess.com INT"]
[Date "2020.04.07"]
[Round "1"]
[White "Ooi, Zhi Yang"]
[Black "Niemann, Hans Moke"]
[Result "0-1"]
[WhiteElo "2123"]
[BlackElo "2465"]
[PlyCount "40"]
[EventDate "2020.04.07"]
[EventType "swiss (blitz)"]
[EventRounds "10"]
[EventCountry "USA"]
[SourceTitle "EXT 2021"]
[Source "ChessBase"]
[SourceDate "2020.10.23"]
[SourceVersion "1"]
[SourceVersionDate "2020.10.23"]
[SourceQuality "1"]

1. d4 Nf6 2. Nc3 d5 3. Bg5 c6 4. f3 h6 5. Bxf6 exf6 6. e4 dxe4 7. fxe4 Bb4 8. Nf3 0-0 9. Bc4 c5 10. d5 Bg4 11. h3 Bxf3 12. Qxf3 Nd7 13. 0-0 Ne5 14. Qe2 a6 15. a3 Ba5 16. a4 Bc7 17. b3 Qd6 18. Rad1 Rfe8 19. g4 Nxc4 20. bxc4 Qg3+ 0-1

[Event "Penang Mini op 2nd"]
[Site "Penang"]
[Date "2019.06.08"]
[Round "8"]
[White "Li, Bo"]
[Black "Ooi, Zhi Yang"]
[Result "1-0"]
[WhiteElo "2330"]
[BlackElo "2112"]
[PlyCount "53"]
[EventDate "2019.06.05"]
[EventType "swiss"]
[EventRounds "9"]
[EventCountry "MAS"]
[SourceTitle "CBM 190 Extra"]
[Source "ChessBase"]
[SourceDate "2019.07.15"]
[SourceVersion "1"]
[SourceVersionDate "2019.07.15"]
[SourceQuality "1"]

1. d4 d5 2. c4 e6 3. Nc3 a6 4. cxd5 exd5 5. Bf4 Nf6 6. e3 Bd6 7. Bg5 Be6 8. Bd3 Nbd7 9. Nge2 0-0 10. h3 b5 11. 0-0 c5 12. e4 Be7 13. e5 Nh5 14. Bxe7 Qxe7 15. f4 f5 16. dxc5 Qxc5+ 17. Kh2 g6 18. Rc1 Qe7 19. Nd4 Nb6 20. Bxf5 Bxf5 21. Nxf5 Rxf5 22. Nxd5 Qh4 23. Nxb6 Qg3+ 24. Kh1 Raf8 25. Rf3 Qh4 26. Nd7 Rd8 27. Nf6+ 1-0

[Event "Titled Tuesday intern op 2nd Jan"]
[Site "Chess.com INT"]
[Date "2018.01.02"]
[Round "7"]
[White "Ooi, Zhi Yang"]
[Black "Beerdsen, Thomas"]
[Result "1/2-1/2"]
[WhiteElo "2126"]
[BlackElo "2416"]
[PlyCount "67"]
[EventDate "2018.01.02"]
[EventType "swiss (blitz)"]
[EventRounds "10"]
[EventCountry "USA"]
[SourceTitle "EXT 2021"]
[Source "ChessBase"]
[SourceDate "2020.10.23"]
[SourceVersion "1"]
[SourceVersionDate "2020.10.23"]
[SourceQuality "1"]

1. d4 Nf6 2. c4 e6 3. Nf3 b6 4. g3 Bb7 5. Bg2 Be7 6. 0-0 0-0 7. Nc3 Ne4 8. Bd2 f5 9. Rc1 Bf6 10. d5 Na6 11. h4 h6 12. a3 Nac5 13. b4 Nxc3 14. Bxc3 Ne4 15. Bxf6 Qxf6 16. Qd3 a5 17. Rfd1 axb4 18. axb4 Ra2 19. Nd4 exd5 20. cxd5 Bxd5 21. Nxf5 Qxf5 22. Qxd5+ Qxd5 23. Rxd5 Nxf2 24. Rxd7 Kh8 25. Rcxc7 Ra1+ 26. Kh2 Ng4+ 27. Kh3 Nf2+ 28. Kh2 Ng4+ 29. Kh3 Nf2+ 30. Kh2 Ng4+ 31. Kh3 Nf2+ 32. Kh2 Ng4+ 33. Kh3 Nf2+ 34. Kh2 1/2-1/2

[Event "Titled Tuesday intern op 2nd Jan"]
[Site "Chess.com INT"]
[Date "2018.01.02"]
[Round "2"]
[White "Vrolijk, Liam"]
[Black "Ooi, Zhi Yang"]
[Result "1-0"]
[WhiteElo "2408"]
[BlackElo "2126"]
[PlyCount "93"]
[EventDate "2018.01.02"]
[EventType "swiss (blitz)"]
[EventRounds "10"]
[EventCountry "USA"]
[SourceTitle "EXT 2021"]
[Source "ChessBase"]
[SourceDate "2020.10.23"]
[SourceVersion "1"]
[SourceVersionDate "2020.10.23"]
[SourceQuality "1"]

1. d4 Nf6 2. c4 e6 3. Nc3 c5 4. d5 exd5 5. cxd5 d6 6. e4 g6 7. f4 Bg7 8. Bb5+ Nfd7 9. Bd3 0-0 10. Nf3 a6 11. a4 Qc7 12. 0-0 c4 13. Bc2 Nc5 14. Be3 Nbd7 15. Bd4 Qb6 16. Bxg7 Kxg7 17. Qd4+ Kg8 18. a5 Qa7 19. Kh1 Nb3 20. Bxb3 cxb3 21. Qxa7 Rxa7 22. Nd2 Nc5 23. Nc4 Ra8 24. Nxd6 Bd7 25. e5 Rfd8 26. Nce4 Nd3 27. Nxb7 Rdb8 28. Nbc5 Bb5 29. Nxd3 Bxd3 30. Nf6+ Kg7 31. Rfd1 Bc2 32. Rd2 Rb4 33. g3 h5 34. Kg1 h4 35. Kf2 g5 36. fxg5 hxg3+ 37. Kxg3 Kg6 38. h4 Bf5 39. d6 Rc4 40. Rg1 Rc2 41. Rxc2 bxc2 42. Kf4 Be6 43. h5+ Kg7 44. Rc1 Bb3 45. Ne4 Rb8 46. Nc5 Rb4+ 47. Kg3 1-0

[Event "Asia Cities-ch 20th"]
[Site "Bhubaneswar"]
[Date "2017.08.28"]
[Round "4.4"]
[White "Ooi, Zhi Yang"]
[Black "Allam, Mohamed"]
[Result "1-0"]
[WhiteElo "2141"]
[BlackElo "1954"]
[PlyCount "43"]
[EventDate "2017.08.26"]
[EventType "team-swiss"]
[EventRounds "9"]
[EventCountry "IND"]
[SourceTitle "CBM 180 Extra"]
[Source "ChessBase"]
[SourceDate "2017.10.06"]
[SourceVersion "1"]
[SourceVersionDate "2017.10.06"]
[SourceQuality "1"]
[WhiteTeam "Penang"]
[BlackTeam "Alquds"]
[WhiteTeamCountry "MAS"]
[BlackTeamCountry "PLE"]

1. d4 d5 2. c4 e6 3. Nf3 Nf6 4. g3 c6 5. Nbd2 Bd6 6. Bg2 Nbd7 7. b3 0-0 8. 0-0 Re8 9. Bb2 b6 10. Ne5 Bb7 11. e4 dxe4 12. Nxe4 Nxe4 13. Bxe4 Qc7 14. Bxh7+ Kh8 15. Qh5 Bxe5 16. Bg6+ Kg8 17. Bxf7+ Kf8 18. dxe5 c5 19. Bg6 Ke7 20. Qh4+ Kf8 21. Qf4+ Kg8 22. Bf7+ 1-0

[Event "Asia Cities-ch 20th"]
[Site "Bhubaneswar"]
[Date "2017.08.27"]
[Round "2.1"]
[White "Ooi, Zhi Yang"]
[Black "Sadeh, Shahin"]
[Result "0-1"]
[WhiteElo "2141"]
[BlackElo "2335"]
[PlyCount "103"]
[EventDate "2017.08.26"]
[EventType "team-swiss"]
[EventRounds "9"]
[EventCountry "IND"]
[SourceTitle "CBM 180 Extra"]
[Source "ChessBase"]
[SourceDate "2017.10.06"]
[SourceVersion "1"]
[SourceVersionDate "2017.10.06"]
[SourceQuality "1"]
[WhiteTeam "Penang"]
[BlackTeam "Rasht"]
[WhiteTeamCountry "MAS"]
[BlackTeamCountry "IRI"]

1. d4 g6 2. Nf3 Bg7 3. c4 Nf6 4. Nc3 0-0 5. g3 c5 6. d5 d6 7. Bg2 Na6 8. 0-0 Bf5 9. Nd2 Nc7 10. a4 b6 11. e4 Bd7 12. Qe2 a6 13. f4 Rb8 14. h3 b5 15. e5 Nfe8 16. Kh2 e6 17. Re1 b4 18. Nce4 exd5 19. cxd5 dxe5 20. fxe5 Nxd5 21. Nxc5 Be6 22. Nxe6 fxe6 23. Qxa6 Nec7 24. Qe2 b3 25. Ra3 Rf5 26. Nc4 Bf8 27. Ra1 Nb4 28. Be3 Ncd5 29. Be4 Nc2 30. Bxc2 bxc2 31. Qxc2 Rc8 32. b3 Rxe5 33. Bg1 Nb4 34. Qc3 Rd5 35. Rf1 Nd3 36. Ra2 Bg7 37. Qd2 Rb8 38. Qe3 e5 39. Nb6 Rd4 40. a5 Qd6 41. Rc2 Rd8 42. Qg5 Re4 43. Nc8 Re2+ 44. Rxe2 Rxc8 45. Qg4 Rc3 46. Qa4 h5 47. a6 Nf4 48. a7 Rxg3 49. a8Q+ Kh7 50. Rxf4 exf4 51. Q8a6 Qd1 52. Rf2 0-1